000
00308nam a22001217a 4500
020
_a
0-13-638156-1
082
_a
621.3827 GOW'O
100
_a
GOWAR, JOHN
_9
56954
245
_a
OPTICAL COMMUNICATION SYSTEMS, OPTICAL COMMUNICATION
260
_a
NEW YORK
_b
PRENTICE HALL
_c
1984
300
_a
577P
942
_c
BK
999
_c
567273
_d
567273